[Event "GER-chT U20"]
[Site "Magdeburg"]
[Date "2023.12.27"]
[Round "1.8"]
[White "Schoenherr, Stijn"]
[Black "Karlinger De la Quintana, Ainhoa"]
[Result "1-0"]
[WhiteElo "1295"]
[BlackElo "1348"]
[PlyCount "75"]
[EventDate "2023.12.26"]
[EventType "team-swiss"]
[EventRounds "7"]
[EventCountry "GER"]
[SourceTitle "CB03_2024"]
[SourceDate "2024.01.17"]
[SourceVersion "1"]
[SourceVersionDate "2024.01.17"]
[SourceQuality "1"]
[WhiteTeam "Magdeburg USC"]
[BlackTeam "Ergolding"]
[WhiteTeamCountry "GER"]
[BlackTeamCountry "GER"]

1. e4 e6 2. d4 d5 3. e5 c5 4. c3 Nc6 5. Nf3 Qb6 6. Be2 Bd7 7. 0-0 Rc8 8. a3 cxd4 9. cxd4 Nge7 10. Nc3 Nf5 11. Na4 Qc7 12. Be3 a6 13. Nc3 b5 14. Rc1 Qb6 15. b4 Be7 16. Qd2 0-0 17. Rfd1 a5 18. Nxb5 axb4 19. axb4 Nxb4 20. Rxc8 Rxc8 21. Nc3 Nxe3 22. fxe3 Qa5 23. Rf1 Qc7 24. Nb5 Qc2 25. Qe1 Nd3 26. Bxd3 Qxd3 27. Nd6 Rc2 28. Qb1 Qxe3+ 29. Kh1 Qe2 30. Rg1 Rb2 31. Qa1 Ra2 32. Qc3 Qb2 33. Qc7 Bxd6 34. exd6 Qb5 35. Qd8+ Be8 36. Ne5 Ra7 37. d7 Rxd7 38. Qxe8# 1-0

[Event "GER-chT U14 Girls"]
[Site "Neumuenster"]
[Date "2017.12.28"]
[Round "3.1"]
[White "Rothenberg, Nina"]
[Black "Karlinger De la Quintana, Ainhoa"]
[Result "1/2-1/2"]
[WhiteElo "1600"]
[BlackElo "1354"]
[PlyCount "42"]
[EventDate "2017.12.26"]
[EventType "team-swiss"]
[EventRounds "7"]
[EventCountry "GER"]
[SourceTitle "CBM 182 Extra"]
[Source "ChessBase"]
[SourceDate "2018.02.23"]
[SourceVersion "1"]
[SourceVersionDate "2018.02.23"]
[SourceQuality "1"]
[WhiteTeam "Harksheide"]
[BlackTeam "Vaterstetten"]
[WhiteTeamCountry "GER"]
[BlackTeamCountry "GER"]

1. e4 g6 2. d4 c5 3. Nf3 cxd4 4. Nxd4 Bg7 5. c3 e6 6. Be3 Ne7 7. Nd2 0-0 8. Bd3 d6 9. 0-0 Kh8 10. Kh1 f5 11. f4 e5 12. Ne2 Nbc6 13. Ng3 fxe4 14. Bxe4 d5 15. Bc2 d4 16. cxd4 exf4 17. Rxf4 Rxf4 18. Bxf4 Nxd4 19. Nde4 Nec6 20. Ba4 Qb6 21. Rb1 Bf5 1/2-1/2

[Event "GER-ch U12 Girls"]
[Site "Willingen"]
[Date "2017.06.07"]
[Round "6"]
[White "Karlinger De la Quintana, Ainhoa"]
[Black "Pflugradt, Natalie"]
[Result "1-0"]
[WhiteElo "1344"]
[BlackElo "1441"]
[PlyCount "107"]
[EventDate "2017.06.04"]
[EventType "swiss"]
[EventRounds "11"]
[EventCountry "GER"]
[SourceTitle "CBM 178 Extra"]
[Source "ChessBase"]
[SourceDate "2017.06.22"]
[SourceVersion "1"]
[SourceVersionDate "2017.06.22"]
[SourceQuality "1"]

1. b4 d5 2. Bb2 Qd6 3. a3 e5 4. e3 Nd7 5. c4 c6 6. Nc3 g6 7. cxd5 cxd5 8. Nb5 Qb8 9. Rc1 Be7 10. Nc7+ Kf8 11. Nxa8 Qxa8 12. Qc2 Nb6 13. Bxe5 f6 14. Bd4 Be6 15. Nf3 Nh6 16. Qb2 Qd8 17. Ng5 Bd7 18. Bb5 Ng8 19. Bxd7 Qxd7 20. 0-0 h5 21. Rc7 Qf5 22. Nh3 g5 23. Qc2 Qxc2 24. Rxc2 Rh7 25. Bxb6 axb6 26. Rc8+ Kf7 27. Rc7 Kg6 28. Rxb7 Bd8 29. Rxh7 Kxh7 30. Rc1 Ne7 31. f4 Kg6 32. fxg5 fxg5 33. Nf2 Kf6 34. Kf1 Ke6 35. Nd3 Kd6 36. b5 Ke6 37. Nb4 Nf5 38. Nc6 Bf6 39. a4 Nd6 40. Nd4+ Kd7 41. Ke2 Nc4 42. Rc2 Be5 43. g3 g4 44. Ra2 Na5 45. Kd3 Kd6 46. e4 Bf6 47. exd5 Kxd5 48. Nf5 Ke5 49. Ne3 Ke6 50. Nc4 Bd8 51. Nxa5 bxa5 52. Kc4 Bb6 53. d4 Kd6 54. Re2 1-0

[Event "GER-ch U12 Girls"]
[Site "Willingen"]
[Date "2017.06.04"]
[Round "1"]
[White "Karlinger De la Quintana, Ainhoa"]
[Black "Butenandt, Svenja"]
[Result "0-1"]
[WhiteElo "1344"]
[BlackElo "1573"]
[PlyCount "120"]
[EventDate "2017.06.04"]
[EventType "swiss"]
[EventRounds "11"]
[EventCountry "GER"]
[SourceTitle "CBM 178 Extra"]
[Source "ChessBase"]
[SourceDate "2017.06.22"]
[SourceVersion "1"]
[SourceVersionDate "2017.06.22"]
[SourceQuality "1"]

1. c4 e6 2. Nc3 Nf6 3. g3 d5 4. cxd5 exd5 5. Bg2 c6 6. e3 Nbd7 7. Nge2 Bd6 8. 0-0 0-0 9. d4 Nb6 10. e4 dxe4 11. Nxe4 Nxe4 12. Bxe4 Nd5 13. Bg2 Bg4 14. Qd3 Re8 15. Nc3 Nxc3 16. Qxc3 Bc7 17. Be3 Qd7 18. Rac1 Bb6 19. Rc2 Bh3 20. Rd2 Bxg2 21. Kxg2 Qd5+ 22. Kg1 Qxa2 23. b3 Qa5 24. b4 Qd5 25. Rd3 Rad8 26. Rfd1 Rd7 27. h4 Red8 28. Kh2 Qb5 29. Bg5 f6 30. Be3 a5 31. Qb3+ Kf8 32. bxa5 Qxb3 33. Rxb3 Bxa5 34. Ra1 Bc7 35. Kh3 Bd6 36. Rb6 Rb8 37. Ra7 Ke8 38. Kg4 Kd8 39. Kf5 Re7 40. d5 Kc7 41. dxc6 Rxe3 42. fxe3 Kxb6 43. Rxb7+ Rxb7 44. cxb7 Kxb7 45. g4 Bg3 46. h5 Bh4 47. Ke6 g6 48. hxg6 hxg6 49. Kf7 Kc6 50. Kxg6 Kd5 51. Kf5 Bg5 52. e4+ Kd4 53. e5 fxe5 54. Kxg5 e4 55. Kf4 e3 56. Kf3 Kd3 57. g5 e2 58. g6 e1Q 59. g7 Qf1+ 60. Kg4 Qg2+ 0-1